[Event "Luiz Rego Memorial"]
[Site "Teresina"]
[Date "2001.11.17"]
[Round "?"]
[White "Castelo, Branco Hermes"]
[Black "Ricardo, Herlon"]
[Result "1-0"]
[WhiteElo "1810"]
[BlackElo "1800"]
[PlyCount "55"]
[EventDate "2001.11.09"]
[EventType "swiss"]
[EventRounds "7"]
[EventCountry "BRA"]
[SourceTitle "EXT 2003"]
[Source "ChessBase"]
[SourceDate "2002.11.25"]
[SourceVersion "1"]
[SourceVersionDate "2002.11.25"]
[SourceQuality "1"]

1. e4 e6 2. d4 d5 3. e5 Nc6 4. f4 a6 5. Nf3 Bb4+ 6. Bd2 Qe7 7. Bd3 f5 8. c3 Ba5 9. Ng5 g6 10. g4 h6 11. Nf3 Qg7 12. Rg1 Nge7 13. Qc2 Qf7 14. Nh4 Rg8 15. Nf3 Bb6 16. c4 Nxd4 17. Nxd4 Bxd4 18. Rg2 Bb6 19. cxd5 Nxd5 20. Nc3 Nxc3 21. Bxc3 Qd7 22. 0-0-0 Qd5 23. gxf5 exf5 24. Bxf5 Qxa2 25. Bxg6+ Ke7 26. Bb4+ c5 27. Bxc5+ Bxc5 28. Qxc5+ 1-0

[Event "Luiz Rego Memorial"]
[Site "Teresina"]
[Date "2001.11.11"]
[Round "?"]
[White "Ricardo, Herlon"]
[Black "Villa, Zilton"]
[Result "1-0"]
[WhiteElo "1800"]
[BlackElo "1812"]
[PlyCount "29"]
[EventDate "2001.11.09"]
[EventType "swiss"]
[EventRounds "7"]
[EventCountry "BRA"]
[SourceTitle "EXT 2003"]
[Source "ChessBase"]
[SourceDate "2002.11.25"]
[SourceVersion "1"]
[SourceVersionDate "2002.11.25"]
[SourceQuality "1"]

1. e4 e5 2. Nc3 Nf6 3. d3 Bc5 4. h3 0-0 5. Bg5 c6 6. Qf3 Be7 7. Qg3 h6 8. Bxh6 Nh5 9. Qg4 Kh7 10. Qxh5 gxh6 11. Qxe5 Bf6 12. Qf5+ Kh8 13. Nge2 d5 14. Qf4 Rg8 15. Qxh6# 1-0